Auditing : An Integrated Approach. (Record no. 1694)

MARC details
005 - DATE AND TIME OF LATEST TRANSACTION
control field 20250627180737.0
020 ## - INTERNATIONAL STANDARD BOOK NUMBER
International Standard Book Number 0-13-052036-5
082 ## - DEWEY DECIMAL CLASSIFICATION NUMBER
Classification number 657.45 LEM
100 ## - MAIN ENTRY--PERSONAL NAME
Author name LEMON , W. M.
245 ## - TITLE STATEMENT
Title Auditing : An Integrated Approach.
250 ## - EDITION STATEMENT
Edition statement 5th Ed.Canadian
260 ## - PUBLICATION, DISTRIBUTION, ETC.
Place of publication, distribution, etc. Canada,
Name of publisher, distributor, etc. Prentice Hall, Canada Inc,
Date of publication, distribution, etc. 1993.
300 ## - PHYSICAL DESCRIPTION
Extent xviii, 857p.:Ill.;figures & table
Other physical details Index
Dimensions 26cm.
700 ## - ADDED ENTRY--PERSONAL NAME
Other authors/Editors ARENS, A. A . & LOEBBECKE, J. K.
942 ## - ADDED ENTRY ELEMENTS (KOHA)
Source of classification or shelving scheme Dewey Decimal Classification
Koha item type Books
Holdings
Date last seen Total checkouts Full call number Barcode Cost, replacement price Price effective from Koha item type Lost status Source of classification or shelving scheme Damaged status Not for loan Withdrawn status Home library Current library Shelving location Date acquired Cost, normal purchase price
04/28/2025   657.45 LEM 0000006265 30000.00 04/28/2025 Books   Dewey Decimal Classification       College of Business Education Main Library College of Business Education Main Library General Collection 04/28/2025 10000.00